Pan y toros (Record no. 162082)

MARC details
000 -LEADER
campo de control de longitud fija 00974nam a2200217 i 4500
001 - NÚMERO DE CONTROL
campo de control 162082
003 - IDENTIFICADOR DE NÚMERO DE CONTROL
campo de control ES-MaACL
005 - FECHA Y HORA DE LA ÚLTIMA TRANSACCIÓN
campo de control 20250824090221.0
008 - DATOS DE LONGITUD FIJA--INFORMACIÓN GENERAL
campo de control de longitud fija 940301s1865 sp |||| | spa d
040 ## - FUENTE DE CATALOGACIÓN
Centro catalogador/agencia de origen CAM
Lengua de catalogación spa
100 1# - ENTRADA PRINCIPAL--NOMBRE DE PERSONA
Nombre de persona Picón, José.
9 (RLIN) 91876
245 10 - MENCIÓN DEL TÍTULO
Título Pan y toros
Resto del título : zarzuela en tres actos y en verso /
Mención de responsabilidad, etc. original de José Picón ; música del maestro Francisco Asenjo Barbieri.
250 ## - MENCION DE EDICION
Mención de edición 3ª ed.
260 ## - PUBLICACIÓN, DISTRIBUCIÓN, ETC.
Lugar de publicación, distribución, etc. Madrid :
Nombre del editor, distribuidor, etc. Centro General de Administración,
Fecha de publicación, distribución, etc. 1865 (
Fabricante Imp. de Cristóbal González)
300 ## - DESCRIPCIÓN FÍSICA
Extensión 120 p. ;
Dimensiones 18 cm.
594 ## - Nota al título y mención de responsabilidad
Nota al título y mención de responsabilidad Sólo la letra.
594 ## - Nota al título y mención de responsabilidad
Nota al título y mención de responsabilidad En port.: representada por primera vez en el teatro de la Zarzuela el 22 de diciembre de 1864.
700 1# - ENTRADA AGREGADA--NOMBRE PERSONAL
Nombre de persona Barbieri, Francisco A.,
Fechas asociadas al nombre 1823-1894
9 (RLIN) 25463
852 ## - LOCALIZACIÓN
Ubicación ES-MaACL
Número de control de estantería F-8633(1)
Nota libre - Enc. pasta española
condición física - Falto de la cub. original
Nota libre - Enc. en un vol. facticio formando parte de la col. facticia "Teatro español moderno", v. 88
Holdings
Estatus retirado Estado de pérdida Estado de daño No para préstamo Colección Biblioteca de origen Biblioteca actual Ubicación en estantería Fecha de adquisición Total de préstamos Signatura topográfica completa Código de barras Visto por última vez Precio de reemplazo Tipo de ítem Koha
        Libros del s. XIX Biblioteca del Ateneo de Madrid Biblioteca del Ateneo de Madrid Sala Pecera Planta 2 17/01/2008   F-8633(1) 1169791 23/02/2023 23/02/2023 Libro impreso antiguo